000 00527nam a22001577a 4500
008 241015b |||||||| |||| 00| 0 eng d
020 _a9780878085408
050 _aRA975.C37
_b.H43
100 _aMyers, Bryant L.
245 _aHealth healing and shalom :
_bFrontiers and Challenges for christian health missions /by
_cBryant L. Myers, Erin Dufault-Hunter & Isaac B. Voss
260 _bWilliam Carey Library
_c2015
300 _axxxiii, 292p.
700 _aDufault-Hunter, Erin
700 _aVoss, Isaac B.
942 _2lcc
_cBK
999 _c20533
_d20532